Seminari Internacional sobre Docència Bibliotecària
Publicado:
Barcelona :
Diputació de Barcelona. Escola Universitària Jordi Rubió i Balaguer de Biblioteconomia i Documentació, DL 1990
Descripción Física:
117 p. , 23 cm
Colección:
Quaderns de treball ; 10
Materias:
Biblioteconomia -- Ensenyament
MARC
| LEADER | 00000nam a2200000Ia 4500 | ||
|---|---|---|---|
| 001 | 9557 | ||
| 008 | 160829s9999 xx 000 0 cat d | ||
| 080 | |a A-1-307 | ||
| 100 | |a Seminari Internacional sobre Docència Bibliotecària (1r : 1985 : Barcelona) |9 21176 | ||
| 245 | |a Seminari Internacional sobre Docència Bibliotecària | ||
| 260 | |a Barcelona : |b Diputació de Barcelona. Escola Universitària Jordi Rubió i Balaguer de Biblioteconomia i Documentació, DL 1990 | ||
| 300 | |a 117 p. , 23 cm | ||
| 490 | |a Quaderns de treball ; 10 | ||
| 650 | |a Biblioteconomia |x Ensenyament |9 32844 | ||
| 710 | 2 | |a Escola Universitària Jordi Rubió i Balaguer de Biblioteconomia i Documentació |9 54300 | |
| 901 | |a Arxiu | ||
| 942 | |n 1 | ||
| 952 | |0 0 |1 0 |4 0 |6 A1307 |7 1 |9 41816 |a Arxiu |b Arxiu |d 2016-12-01 |l 0 |o A-1-307 |p 9557 |r 2016-12-01 00:00:00 |w 2016-12-01 |y ARXIU | ||
| 999 | |c 43739 |d 43739 | ||